Biblioteca

Partirás al amanecer (Registro nro. 65930)

Detalles MARC
000 -LÍDER
Campo fijo de descripción fija 02118nam a2200349 i 4500
001 - NÚMERO DE CONTROL
Campo de control 768714001
003 - IDENTIFICADOR DEL NÚMERO DE CONTROL
Campo de control CO-MdFUSB
005 - FECHA Y HORA DE LA ULTIMA TRANSACCIÓN
control field 20210211114603.0
007 - CAMPO FIJO DE DESCRIPCIÓN FIJA--INFORMACIÓN GENERAL
Campo fijo de descripción fija ta
008 - ELEMENTOS DE LONGITUD FIJA -- INFORMACIÓN GENERAL
Campo fijo de descripción fija -- Información general 200530t2010 sp |||| |||| 00| 0 spa d
020 ## - NÚMERO INTERNACIONAL NORMALIZADO PARA LIBROS
Número Internacional Normalizado del libro 9789876092289
040 ## - FUENTE DE CATALOGACIÓN
Agencia de catalogación original CO-MdFUSB
Idioma de catalogación spa
Agencia que realiza la transcripción CO-MdFUSB
Agencia que realiza la modificación CO-MdFUSBC
Convenciones de la descripción rda
041 ## - CÓDIGO DE IDIOMA
Código de idioma para texto/pista de sonido o título separado spa
082 ## - NÚMERO DE CLASIFICACIÓN DECIMAL DEWEY
Número de la edición del Dewey 23
Número de clasificación 320.96
Clave de autor-Numero de item S731
100 ## - ASIENTO PRINCIPAL--NOMBRE PERSONAL
Nombre personal Soyinka, Wole,
Término relacionador autor
245 ## - TÍTULO
Título del Material Partirás al amanecer
Mención de responsabilidad, etc. / Wole Soyinka
264 #1 - PRODUCCIÓN, PUBLICACIÓN, DISTRIBUCIÓN, MANUFACTURA, Y COPYRIGHT
Lugar de producción, publicación, distribución, manufactura Barcelona, España :
Nombre del productor, publicador, distribuidor El Ateneo,
Fecha de producción, publicación, distribución, manufactura, o copyright [2010]
264 #4 - PRODUCCIÓN, PUBLICACIÓN, DISTRIBUCIÓN, MANUFACTURA, Y COPYRIGHT
Fecha de producción, publicación, distribución, manufactura, o copyright © 2010
300 ## - DESCRIPCIÓN FÍSICA
Extensión 728 páginas
Dimensiones ; 22 cm
336 ## - TIPO DE CONTENIDO
Fuente rdacontent
Término de tipo de contenido texto
Código de tipo de contenido txt
337 ## - TIPO DE MEDIO
Fuente rdamedia
Nombre del tipo de medio sin mediación
Código del tipo de medio n
338 ## - TIPO DE SOPORTE
Fuente rdacarrier
Nombre del tipo de soporte volumen
Código Tipo de soporte nc
520 ## - NOTA DE RESUMEN, ETC.
Nota de sumario, etc. Durante su regreso a Nigeria, a finales de 1959, y después de pasar cinco años en Inglaterra, Wole Soyinka, emprendió un largo viaje por el este del continente africano para estudiar las diversas manifestaciones del mito y del ritual, por su capacidad de representar la inalterable identidad cultural de la región en unos tiempos de cambio político. Para Soyinka, la vida es un viaje, y el mal estado de las carreteras de su país, una metáfora de lo difícil que resulta en África recorrer el camino hacia las libertades En este apasionante volumen autobiográfico, que tiene mucho de testimonio reivindicativo de los derechos humanos, Soyinka nos enseña qué significa ser un intelectual comprometido. Rememora su vida de escritor y activista político, desde sus días de estudiante en Gran Bretaña, su lucha constante, a veces desde la prisión o desde el exilio, contra la sucesión de dictaduras en Nigeria, contra la humillación y la corrupción de una sociedad sometida al poder militar. El discurso autobiográfico está entreverado de episodios personales, de amigos y familiares, de viajes al extranjero y de escritores, de éxitos y fracasos personales.
563 ## - NOTA DE ENCUADERNACIÓN
Nota de encuadernación Pasta dura
650 #7 - ASIENTO SECUNDARIO DE MATERIA - TERMINO TEMÁTICO
9 (RLIN) 409
Término temático o nombre geográfico como elemento de entrada Biografía
653 ## - TÉRMINO DE INDIZACIÓN - NO CONTROLADO
Término no controlado Política activista
653 ## - TÉRMINO DE INDIZACIÓN - NO CONTROLADO
Término no controlado Prisioneros políticos -- África.
653 ## - TÉRMINO DE INDIZACIÓN - NO CONTROLADO
Término no controlado Nigeria.
653 ## - TÉRMINO DE INDIZACIÓN - NO CONTROLADO
Término no controlado Política y gobierno.
942 ## - TIPO DE MATERIAL (KOHA)
Tipo de Item KOHA Libros General
945 ## - INFORMACIÓN LOCAL DEL REGISTRO
Catalogador JTF-925
Existencias
Estado de Material Estado de Perdido Forma de Clasificación Estado de Dañado No para Préstamo Biblioteca de Origen Biblioteca Permanente Fecha de Adquisición Forma de Adquisición Área Total de Préstamos Signatura Topográfica Código de Barras Última vez visto Ejemplar/Existencia Fecha de Remplazo Tipo de Material
    Dewey Decimal Classification     Biblioteca FUSBC Biblioteca FUSBC 30/05/2020 Donación Atiencia BIOGRAFIA   G 320.96 S731p 1230 30/05/2020 Ej.1 30/05/2020 Libros General

Biblioteca FUSBC | Teléfono: (57+4) 349 88 10 Ext. 141| WhatsApp (+57) 3005338115 
E-mail: biblioteca@unisbc.edu.co | Calle 76 87-14 Robledo Palenque, Medellín, Colombia

Con tecnología Koha